书目信息 |
| 题名: |
2010年注册会计师考试应试指导及全真模拟测试
|
|
| 作者: | 闫华红 编著 | |
| 分册: | 财务成本管理 | |
| 出版信息: | 北京 北京大学出版社 2010 |
|
| 页数: | 574页 | |
| 开本: | 26cm | |
| 丛书名: | ||
| 单 册: | ||
| 中图分类: | F23 , F239.0 | |
| 科图分类: | ||
| 主题词: | 会计学--会计师--考核--自学参考资料 | |
| 电子资源: | ||
| ISBN: | 978-7-301-16995-7 | |
| 000 | 01092nam0 2200277 450 | |
| 001 | 004557157 | |
| 005 | 20110224091227.95 | |
| 010 | @a978-7-301-16995-7@dCNY48.00 | |
| 035 | @a004557157 | |
| 100 | @a20100602d2010 em y0chiy0110 ea | |
| 101 | 0 | @achi |
| 102 | @aCN@b110000 | |
| 105 | @ay zq 000yy | |
| 106 | @ar | |
| 200 | 1 | @a2010年注册会计师考试应试指导及全真模拟测试@A2010 Nian Zhu Ce Hui Ji Shi Kao Shi Ying Shi Zhi Dao Ji Quan Zhen Mo Ni Ce Shi@i财务成本管理@ICai Wu Cheng Ben Guan Li@f闫华红编著@FYan Hua Hong Bian Zhu |
| 210 | @a北京@c北京大学出版社@d2010 | |
| 215 | @a574页@d26cm | |
| 300 | @a注册会计师全国统一考试辅导用书 2010年注册会计师考试轻松过关系列之一 | |
| 304 | @a东奥会计在线组编 | |
| 330 | @a本书共分为四大部分:第一部分是命题规律总结及趋势预测;第二部分同步辅导及强化训练;第三部分是跨章节综合题演练;第四部分为全真模拟测试题及答案详解。 | |
| 606 | 0 | @a会计学@x会计师@x考核@j自学参考资料 |
| 690 | @aF23@v4 | |
| 690 | @aF239.0@v4 | |
| 701 | 0 | @a闫华红@AYan Hua Hong@4编著 |
| 801 | 0 | @aCN@bNLC@c20110224 |
| 905 | @b205997527-554@h599752-55@dF23@e390@f4 | |
| 2010年注册会计师考试应试指导及全真模拟测试.财务成本管理/闫华红编著.-北京:北京大学出版社,2010 |
| 574页;26cm |
| 注册会计师全国统一考试辅导用书 2010年注册会计师考试轻松过关系列之一 |
| ISBN 978-7-301-16995-7:CNY48.00 |
| 本书共分为四大部分:第一部分是命题规律总结及趋势预测;第二部分同步辅导及强化训练;第三部分是跨章节综合题演练;第四部分为全真模拟测试题及答案详解。 |
| ● |
| 相关链接 |
|
|
|
|
正题名:2010年注册会计师考试应试指导及全真模拟测试
索取号:F23/390
 
预约/预借
| 序号 | 登录号 | 条形码 | 馆藏地/架位号 | 状态 | 备注 |
| 1 | 599752 | 205997527 | 第一样本阅览室/ [索取号:F23/390] | 在馆 | |
| 2 | 599753 | 205997536 | 第一借阅区/ [索取号:F23/390] | 在馆 | |
| 3 | 599754 | 205997545 | 第一借阅区/ [索取号:F23/390] | 在馆 | |
| 4 | 599755 | 205997554 | 第一借阅区/ [索取号:F23/390] | 在馆 |